Kupujme Slovenské potraviny ... kto a čo si môže ako pomenovať

Európska únia priznala slovenským výrobkom ďalšie názvy. Producenti si už môžu svoje výrobky dobrovoľne označovať titulom Slovenská potravina. Vyhláška MP aRV SR (Zbierka zákonov č. 163/2014) - podmienky používania dobrovoľného označovania poľnohospodárskych produktov a potravín na účely informovani...

ver descrição completa

Na minha lista:
Detalhes bibliográficos
Formato: Capítulo de Livro
Idioma:eslovaco
Assuntos:
Tags: Adicionar Tag
Sem tags, seja o primeiro a adicionar uma tag!

MARC

LEADER 00000naa a2200000 4500
001 0193040
005 20231109070922.0
041 0 |a slo 
044 |a SK 
245 1 0 |a Kupujme Slovenské potraviny ... kto a čo si môže ako pomenovať 
520 |a Európska únia priznala slovenským výrobkom ďalšie názvy. Producenti si už môžu svoje výrobky dobrovoľne označovať titulom Slovenská potravina. Vyhláška MP aRV SR (Zbierka zákonov č. 163/2014) - podmienky používania dobrovoľného označovania poľnohospodárskych produktov a potravín na účely informovania spotrebiteľa. Regionálne produkty podľa vyhlášky. 
610 2 0 |a potraviny 
610 2 0 |a výrobky 
610 2 0 |a Slovensko 
610 2 0 |a výrobky domáce 
610 2 0 |a označovanie tovarov 
610 2 0 |a značky 
610 2 0 |a legislatíva